000 00810nam a2200253Ia 4500
003 OSt
005 20220923215649.0
006 a|||||r|||| 00| 0
007 ta
008 220922b |||||||| |||| 00| 0 hin d
024 _a180,686
037 _cTextual
040 _aARTS
_cARTS
_bhin
041 _2hin
_ahin
082 _aO152,1N07:g, M3
100 _aकुमार विमल
245 0 _aमहादेवी के काव्य सौष्ठव
246 _ahinādevī ke kāvya sauṣhṭhava
260 _aपटना
_b अनुपम प्रकाशन
_c1983
300 _a328 पृ.
_ccm.
650 _aहिन्दी साहित्य
_9156264
942 _hO152,1N07:g, M3
_cTEXL
_2CC
999 _c334064
_d334064